000 00367 a2200169 4500
001 182260
020 _a
040 _cMagnum
100 _aSimmel, Johannes Mario
240 1 0 _aÉ proibido chorar
_lpor
245 1 0 _aÉ proibido chorar
300 _a156
362 0 _a1981
440 1 _aNova Fronteira
697 _aLITERATURA GERAL ESTRANGEIRA
942 _cBK
999 _c182260
_d182260